[Event "Sofia MGU blitz 24th"]
[Site "Sofia"]
[Date "2018.03.17"]
[Round "8"]
[White "Dimova, Mariya"]
[Black "Babatov, Martin"]
[Result "0-1"]
[WhiteElo "1434"]
[BlackElo "1578"]
[PlyCount "68"]
[EventDate "2018.03.17"]
[EventType "tourn (blitz)"]
[EventRounds "14"]
[EventCountry "BUL"]
[SourceTitle "CBM 183 Extra"]
[Source "ChessBase"]
[SourceDate "2018.04.19"]
[SourceVersion "1"]
[SourceVersionDate "2018.04.19"]
[SourceQuality "1"]

1. f3 d5 2. Kf2 e5 3. e3 Be7 4. g3 c6 5. Bg2 Nf6 6. Ne2 0-0 7. Re1 Bd7 8. d4 exd4 9. Nxd4 Na6 10. b3 Nc7 11. Bb2 Ne6 12. Nf5 Nc5 13. Nxe7+ Qxe7 14. Nc3 Rfe8 15. Qd2 Rad8 16. Re2 Bf5 17. Rae1 Qd7 18. b4 Ne6 19. Qc1 Nf8 20. e4 dxe4 21. fxe4 Bh3 22. Kg1 Bxg2 23. Kxg2 Re7 24. Qg5 h6 25. Qf4 Ng6 26. Qf3 Rde8 27. Nd1 Qg4 28. Qc3 Rxe4 29. Rxe4 Rxe4 30. Rxe4 Qxe4+ 31. Kg1 Nf8 32. Nf2 Qe2 33. Nh3 Ne6 34. Nf2 Nd5 0-1

[Event "Sofia MGU blitz 24th"]
[Site "Sofia"]
[Date "2018.03.17"]
[Round "10"]
[White "Kostov, Nikolai"]
[Black "Dimova, Mariya"]
[Result "0-1"]
[WhiteElo "1631"]
[BlackElo "1434"]
[PlyCount "38"]
[EventDate "2018.03.17"]
[EventType "tourn (blitz)"]
[EventRounds "14"]
[EventCountry "BUL"]
[SourceTitle "CBM 183 Extra"]
[Source "ChessBase"]
[SourceDate "2018.04.19"]
[SourceVersion "1"]
[SourceVersionDate "2018.04.19"]
[SourceQuality "1"]

1. e4 d6 2. Nf3 e6 3. Bc4 Nc6 4. d3 Bd7 5. 0-0 Be7 6. Re1 Nf6 7. e5 dxe5 8. Nxe5 0-0 9. Nxd7 Qxd7 10. Nc3 Bc5 11. Be3 Nd4 12. Bxd4 Qxd4 13. Qf3 a6 14. Re2 Rad8 15. Qxb7 Ng4 16. Ne4 Bb6 17. c3 Qe5 18. Qxa6 Qxh2+ 19. Kf1 Qh1# 0-1

[Event "Sofia MGU op 210th"]
[Site "Sofia"]
[Date "2018.03.17"]
[Round "3"]
[White "Kostov, Nikolay St"]
[Black "Dimova, Mariya"]
[Result "1-0"]
[WhiteElo "1325"]
[BlackElo "1434"]
[PlyCount "141"]
[EventDate "2018.03.17"]
[EventType "swiss"]
[EventRounds "6"]
[EventCountry "BUL"]
[SourceTitle "CBM 183 Extra"]
[Source "ChessBase"]
[SourceDate "2018.04.19"]
[SourceVersion "1"]
[SourceVersionDate "2018.04.19"]
[SourceQuality "1"]

1. e4 e6 2. Nf3 d6 3. Bc4 Bd7 4. 0-0 Be7 5. e5 d5 6. Bb3 Nc6 7. d4 Bf8 8. Be3 Nge7 9. Nbd2 Ng6 10. c4 Nce7 11. c5 Nf5 12. Re1 Be7 13. g3 0-0 14. Ba4 c6 15. b4 f6 16. Bf4 Nxf4 17. gxf4 Qe8 18. Kh1 Qf7 19. Rg1 Rae8 20. Bc2 Nh6 21. Qb1 f5 22. h3 Kh8 23. Rg3 Rg8 24. Ng5 Qh5 25. Bd1 Qg6 26. Nge4 Qf7 27. Nd6 Bxd6 28. exd6 Qf6 29. Nf3 Nf7 30. Ne5 Nxe5 31. dxe5 Qh6 32. Qc1 Qh4 33. Qe3 h6 34. Be2 g5 35. fxg5 hxg5 36. Rg2 Rg7 37. Rh2 Reg8 38. Rg1 Rh7 39. a3 g4 40. Rg3 Be8 41. f4 gxf3 42. Rxg8+ Kxg8 43. Qxf3 Rg7 44. Rg2 Qe4 45. Rxg7+ Kxg7 46. Qxe4 fxe4 47. Bh5 Bd7 48. h4 Kh6 49. Bg4 Kg6 50. Kg2 b6 51. Kf2 Kh6 52. Ke3 Kg6 53. Kf4 Bc8 54. Be2 Bd7 55. Kg4 Bc8 56. Ba6 Bd7 57. Bb7 b5 58. h5+ Kh6 59. Ba6 e3 60. Kf3 Kxh5 61. Kxe3 Kg5 62. Kd4 Kf5 63. a4 Kf4 64. axb5 cxb5 65. c6 Bxc6 66. Bc8 Kf5 67. d7 Bxd7 68. Bxd7 a5 69. bxa5 b4 70. Ba4 Kf4 71. a6 1-0

[Event "Sofia MGU op 202nd"]
[Site "Sofia"]
[Date "2018.01.13"]
[Round "3"]
[White "Novevski, Bojan"]
[Black "Dimova, Mariya"]
[Result "1/2-1/2"]
[WhiteElo "1357"]
[BlackElo "1434"]
[PlyCount "56"]
[EventDate "2018.01.13"]
[EventType "swiss"]
[EventRounds "6"]
[EventCountry "BUL"]
[SourceTitle "CBM 182 Extra"]
[Source "ChessBase"]
[SourceDate "2018.02.23"]
[SourceVersion "1"]
[SourceVersionDate "2018.02.23"]
[SourceQuality "1"]

1. d4 d5 2. c4 Nc6 3. c5 Bf5 4. a3 Nf6 5. Nf3 g6 6. g3 Bg7 7. Bg2 0-0 8. 0-0 Ng4 9. Nc3 e5 10. dxe5 Ncxe5 11. Nxe5 Nxe5 12. Qxd5 Qe7 13. Qxb7 Qxc5 14. Qb5 Qd6 15. Bxa8 Rxa8 16. Qd5 Qf8 17. Bf4 Rd8 18. Qa5 Nc4 19. Qxc7 Nxb2 20. Rac1 Bh3 21. Rfe1 Rc8 22. Qa5 Rc5 23. Qb4 Qa8 24. Qb8+ Qxb8 25. Bxb8 Bxc3 26. Bxa7 Rc8 27. Bd4 Bxd4 28. Rxc8+ Bxc8 1/2-1/2

[Event "Sofia MGU blitz 10th"]
[Site "Sofia"]
[Date "2017.11.25"]
[Round "1"]
[White "Babatov, Martin"]
[Black "Dimova, Mariya"]
[Result "1-0"]
[WhiteElo "1578"]
[BlackElo "1434"]
[PlyCount "83"]
[EventDate "2017.11.25"]
[EventType "tourn (blitz)"]
[EventRounds "18"]
[EventCountry "BUL"]
[SourceTitle "EXT 2019"]
[Source "ChessBase"]
[SourceDate "2018.10.10"]
[SourceVersion "1"]
[SourceVersionDate "2018.10.10"]
[SourceQuality "1"]

1. d4 d5 2. c4 Nc6 3. Bf4 Bf5 4. e3 e6 5. Nc3 Bb4 6. c5 Bxc3+ 7. bxc3 Nf6 8. Nf3 Ne4 9. Qb3 0-0 10. Be2 g5 11. Be5 Nxe5 12. Nxe5 f6 13. Nf3 g4 14. Nh4 c6 15. Nxf5 exf5 16. Bd3 Qc7 17. Bxe4 fxe4 18. Rb1 Rab8 19. Kd2 f5 20. g3 h5 21. h3 b5 22. Ke2 Qg7 23. Kf1 Qg5 24. Kg2 h4 25. hxg4 Qxg4 26. Rxh4 Qf3+ 27. Kg1 Rb7 28. Qd1 Rh7 29. Qxf3 exf3 30. Rxh7 Kxh7 31. Kh2 Rf6 32. Rh1 Rh6+ 33. Kg1 Rxh1+ 34. Kxh1 Kg6 35. Kh2 Kg5 36. Kh3 a6 37. a3 a5 38. Kh2 a4 39. Kh3 Kf6 40. Kh4 Ke6 41. Kg5 b4 42. cxb4 1-0

[Event "Sofia MGU blitz 10th"]
[Site "Sofia"]
[Date "2017.11.25"]
[Round "3"]
[White "Simeonov, Daniel"]
[Black "Dimova, Mariya"]
[Result "1-0"]
[WhiteElo "1522"]
[BlackElo "1434"]
[PlyCount "60"]
[EventDate "2017.11.25"]
[EventType "tourn (blitz)"]
[EventRounds "18"]
[EventCountry "BUL"]
[SourceTitle "EXT 2019"]
[Source "ChessBase"]
[SourceDate "2018.10.10"]
[SourceVersion "1"]
[SourceVersionDate "2018.10.10"]
[SourceQuality "1"]

1. d4 d5 2. e3 Nc6 3. c4 Bf5 4. Nf3 e6 5. Nc3 Bb4 6. Bd2 Bxc3 7. Bxc3 Nf6 8. Be2 0-0 9. 0-0 Ng4 10. a3 Qd6 11. b4 Be4 12. g3 Ne7 13. b5 c5 14. bxc6 bxc6 15. Bb4 Qc7 16. cxd5 cxd5 17. Rc1 Qb7 18. Qd2 f5 19. h3 Nh6 20. Ne5 f4 21. f3 Bf5 22. g4 Bg6 23. h4 fxe3 24. Qxe3 a5 25. Nxg6 hxg6 26. Qxe6+ Kh7 27. Bxe7 Rf4 28. Bd3 Rxg4+ 29. fxg4 Re8 30. Qxg6+ Kh8 1-0